Central Library OPAC University of Rajshahi

বাবরের প্রার্থনা / (Record no. 86466)

MARC details
000 -LEADER
fixed length control field 00805nam a2200241 a 4500
001 - CONTROL NUMBER
control field 86466
003 - CONTROL NUMBER IDENTIFIER
rucl marc code BD-RjUL
005 - DATE AND TIME OF LATEST TRANSACTION
control field 20260513103220.0
008 - FIXED-LENGTH DATA ELEMENTS--GENERAL INFORMATION
fixed length control field 260513r20242022ii ||||| |||| 00| p ben d
020 ## - INTERNATIONAL STANDARD BOOK NUMBER
International Standard Book Number 9788129526441
035 ## - SYSTEM CONTROL NUMBER
System control number (BD-RjUL)86466
040 ## - CATALOGING SOURCE
Original cataloging agency BD-RjUL
Language of cataloging ben
Transcribing agency BD-RjUL
041 ## - LANGUAGE CODE
Language code of text/sound track or separate title ben
082 ## - DEWEY DECIMAL CLASSIFICATION NUMBER
Edition number 23
Classification number 891.441
Author mark and year GHB 2024
100 ## - MAIN ENTRY--PERSONAL NAME
Personal name ঘোষ, শঙ্খ
9 (RLIN) 126014
245 10 - TITLE STATEMENT
Title বাবরের প্রার্থনা /
Statement of responsibility, etc. শঙ্খ ঘোষ
250 ## - EDITION STATEMENT
Edition statement ৩২তম সং.
260 ## - PUBLICATION, DISTRIBUTION, ETC. (IMPRINT)
Place of publication, distribution, etc. কলকাতা :
Name of publisher, distributor, etc. দে'জ পাবলিশিং,
Date of publication, distribution, etc. ২০২২, [মুদ্রণ ২০২৪]
300 ## - PHYSICAL DESCRIPTION
Pagination ৬৩ পৃ. ;
Size ২২ সেমি.
650 ## - SUBJECT ADDED ENTRY--TOPICAL TERM
Topical term or geographic name as entry element বাংলা কবিতা
9 (RLIN) 126444
Topical term or geographic name as entry element Bengali Poetry
9 (RLIN) 126445
942 ## - ADDED ENTRY ELEMENTS (KOHA)
Source of classification or shelving scheme Dewey Decimal Classification
Koha item type Books
Holdings
Lost status Source of classification or shelving scheme Damaged status Not for loan Collection code Permanent Location Current Location Shelving location Date acquired Source of acquisition Cost, normal purchase price Total Checkouts Full call number Date last seen Copy number Koha item type
  Dewey Decimal Classification   Not For Loan Non-fiction Central Library, University of Rajshahi Central Library, University of Rajshahi Reading Room 08/04/2026 Omni Concept, Dhaka 140.00   B 891.441 GHB 2024 13/05/2026 C-1 Books
  Dewey Decimal Classification     Non-fiction Central Library, University of Rajshahi Central Library, University of Rajshahi General Stacks 08/04/2026 Omni Concept, Dhaka 140.00   B 891.441 GHB 2024 13/05/2026 C-2 Books
  Dewey Decimal Classification     Non-fiction Central Library, University of Rajshahi Central Library, University of Rajshahi General Stacks 08/04/2026 Omni Concept, Dhaka 140.00   B 891.441 GHB 2024 13/05/2026 C-3 Books
  Dewey Decimal Classification     Non-fiction Central Library, University of Rajshahi Central Library, University of Rajshahi General Stacks 08/04/2026 Omni Concept, Dhaka 140.00   B 891.441 GHB 2024 13/05/2026 C-4 Books
  Dewey Decimal Classification     Non-fiction Central Library, University of Rajshahi Central Library, University of Rajshahi General Stacks 08/04/2026 Omni Concept, Dhaka 140.00   B 891.441 GHB 2024 13/05/2026 C-5 Books